|
|
|
|
| LEADER |
00000nab a2200000 ar4500 |
| 001 |
vtls010294849 |
| 003 |
SK-MaSNL |
| 005 |
20260303204053.0 |
| 008 |
180907c2011 xo wr|p|||||||000 b|slo |
| 038 |
|
|
|a PPPK
|
| 040 |
|
|
|a PPPKCL
|b slo
|c PPPKCL
|e AACR2
|
| 041 |
0 |
|
|a slo
|
| 044 |
|
|
|a xo
|c SK
|
| 080 |
|
|
|a 394.1/.7
|2 2001
|
| 245 |
0 |
0 |
|a Celodenná športová smršť ovládla Št. Pleso
|c [text a foto] (bšl)
|
| 300 |
|
|
|b Fotogr.
|
| 611 |
2 |
7 |
|a Štrbská športová smršť
|n (1. :
|d 2011 :
|c Štrbské Pleso, Slovensko)
|2 pppkcl
|9 1237365
|
| 648 |
|
7 |
|a 16.7.2011
|2 pppkcl
|9 1237366
|
| 650 |
0 |
7 |
|a športové podujatia
|2 pppkcl
|9 346711
|
| 650 |
0 |
7 |
|a kultúrne podujatia
|2 pppkcl
|9 71676
|
| 651 |
|
7 |
|a Vysoké Tatry (Poľsko a Slovensko : pohorie)
|2 SNKPHgeo
|9 67729
|
| 651 |
|
7 |
|a Štrbské Pleso (Štrba, Slovensko)
|2 pppkcl
|9 174790
|
| 651 |
|
7 |
|a Poprad (Slovensko : okres)
|2 pppkcl
|9 28675
|
| 773 |
0 |
|
|t Podtatranské noviny
|g Roč. LII, č. 29 (2011), s. 8
|x 1210-2423
|
| 852 |
|
|
|a PPPK
|b KIS3GCP
|
| 999 |
|
|
|c 2188341
|d 2190271
|